000 01163naa a22002657a 4500
001 BR9405920
003 BR-BrBNA
005 20240918181253.0
007 ta
008 230509b bl.||||| |||| 00| 0 por d
040 _aBR-BrBNA
_bpor
_cBiblioteca Nacional de Agricultura
041 _a(Pt)
072 _aK01; P01
090 _aK01 BR9405920
100 1 _aLadeira, H.P.
111 1 _a2. Encontro Brasileiro de Economia e Planejamento Florestal
_cCuritiba, PR (Brazil)
_d30 Sep - 4 Oct 1991
245 1 _aPrincipios basicos para uma politica florestal
260 3 _aColombo, PR (Brasil):
_c1992.
500 _a2. Encontro Brasileiro de Economia e Planejamento Florestal. Anais. V. 2: Trabalhos voluntarios: economia, planejamento e politica florestal Colombo, PR (Brasil): 1992. p. 35-39 (BR9405920-AM)K01
650 _aPolitica Florestal
650 _aPlanejamento Florestal
773 0 _t2. Encontro Brasileiro de Economia e Planejamento Florestal. Anais. V. 2: Trabalhos voluntarios: economia, planejamento e politica florestal
_wK01 BR9405920
_gColombo, PR (Brasil), 1992. p. 35-39
909 _a202404
_bLucia
_c55
_dLucia Elande
942 _cAM
_2AGRIS
999 _c324467
_d324467